La productividad del trabajador del conocimiento (Registro nro. 14557)
[ vista simple ]
| 000 -LEADER | |
|---|---|
| fixed length control field | 00347 a2200109 4500 |
| 001 - CONTROL NUMBER | |
| control field | ART_10369 |
| 005 - DATE AND TIME OF LATEST TRANSACTION | |
| control field | 20260410161654.0 |
| 008 - FIXED-LENGTH DATA ELEMENTS--GENERAL INFORMATION | |
| fixed length control field | 260409a |
| 100 1# - MAIN ENTRY--PERSONAL NAME | |
| Personal name | Drucker, Peter Ferdinand |
| 245 10 - TITLE STATEMENT | |
| Title | La productividad del trabajador del conocimiento |
| 773 0# - HOST ITEM ENTRY | |
| Title | Harvard Deusto Business Review |
| Related parts | - Nº 98 (sep./oct. 2000) |
| Record control number | REV521 |
No hay ítems disponibles.